000 00325 a2200157 4500
001 190531
020 _a978-09-5685-770-5
040 _cMagnum
100 _aMoore, Chris
240 1 0 _aBlog love
_lING
245 1 0 _aBlog love
300 _a30
362 0 _a2011
697 _aLITERATURA JUVENIL ESTRANGEIRA
942 _cBK
999 _c190531
_d190531